| 000 | 00537nam a2200217 a 4500 | ||
|---|---|---|---|
| 999 |
_c563 _d563 |
||
| 001 | 563 | ||
| 003 | BD-JhCC | ||
| 005 | 20171021121737.0 | ||
| 008 | 171007s19301965enk |||| ||a| 00| 0 eng d | ||
| 035 | _a(BD-JhCC)563 | ||
| 040 |
_aBD-JhCC _dBD-JhCC |
||
| 041 | _aeng | ||
| 082 |
_a940.1 _bKAF 1965 |
||
| 100 | _aKafra, Franz | ||
| 245 |
_aThe Castle / _c Franz Kafra |
||
| 260 |
_aLondon _bSECKER & WARBURG _c1965 |
||
| 300 |
_a451 p. : _c21 cm. |
||
| 650 |
_acastles _xCivilization, Madival _zEurope |
||
| 942 |
_2ddc _cBK |
||